| 000 | 02963nam a2200217Ia 4500 | ||
|---|---|---|---|
| 003 | Ost | ||
| 005 | 20260507075626.0 | ||
| 008 | 260507s9999||||xx |||||||||||||| ||und|| | ||
| 020 | _a9789947782286 | ||
| 040 | _cfsecg | ||
| 041 | _aara | ||
| 082 | _a657.04 | ||
| 100 |
_aشنوف، حمزة _eمؤلف |
||
| 245 | 0 |
_aالمبسط في تفسير وتطبيق بنود معايير المحاسبة الدولية : _bIAS 2020 / _c حمزة شنوف |
|
| 260 |
_aالجزائر: _bالنشر الجامعي الجديد, _c2021 |
||
| 300 |
_a514 صفحة؛ _bجداول _c24 سم |
||
| 504 | _aالمراجع ص.513- 514 | ||
| 520 | _aمدخل الى معايير المحاسبة الدولية، مع المعيار المحاسبي الدولي رقم1 الذي يتحدث عن عرض القوائم الدولية والمعيار المحاسبي رقم 2 المتعلق بالمخزون، والمعيار رقم 7 قائمة التدفقات النقدية، أما المعيار الثامن الذي يتضمن السياسات المحاسبية والتغيرات في التقديرات والأخطاء، والمعيار العاشر الذي تضمن الأحداث بعد فترة التقرير وكذلك ضرائب الدخل بالاضافة الى العقارات والآلات والمعدات، أما المعيار التاسع عشر فتحدث عن منافع الموظفين كما جاء في المعيار رقم عشرون المحاسبة عن المنح الحكومية والافصاح عن المساعدات الحكومية، وآثار التغيرات في أسعار صرف العملات الأجنبية من خلال المعيار الحادي والعشر، مع تكاليف الافتراض في المعيار الثالث والعشرون، والافصاحات عن الأطراف ذات العلاقة، وكذلك المحاسبة والتقرير من قبل خطط منافع التقاعد، أما المعيار رقم سبعة وعشرون والمعيار الثامن والعشرون على التوالي فتضمنا القوائم المالية المنفصلة والاستثمارات في المنشآت الزميلة والمشروعات المشتركة، بالاضافة الى التقرير المالي في الاقتصاديات ذات التضخم الجامح من خلال المعيار رقم تسعة وعشرون. أما المعايير الثاني وثلاثون والرابع وثلاثون والسادس وثلاثون فتضمنوا الأدوات المالية: العرض وربحية السهم مع التقارير المالية المرحلية، مع الهبوط في قيمة الأصول، وفي الاخير ذكر لنا العقارات الاستثماريةوالزراعة من خلال المعيارين الأربعون والحادي وأربعون | ||
| 653 | _aالمحاسبة الدولية- المعايير | ||
| 942 | _cكتاب | ||
| 999 |
_c45172 _d45172 |
||